Sports Quiz

Random Sports or NCAA Quiz
Score 0/23 Timer 05:00
0 Plays Today
Hint Answers % Correct
NicknameBison
82.3%
ColorsOrange and Blue
81%
ConferencePatriot League
65.4%
CityLewisburg, Pennsylvania
53.1%
GuardBryson Johnson
40.5%
2nd Round OpponentUniversity of Connecticut
35.8%
Forward/CenterMike Muscala
34.8%
Basketball ArenaSojka Pavilion
30.7%
GuardBryan Cohen
25.1%
Guard/ForwardGW Boon
23%
CoachDave Paulsen
22.7%
GuardCameron Ayers
22.5%
Hint Answers % Correct
GuardDarryl Shazier
21.7%
ForwardJoe Willman
20%
Guard/ForwardStephen Tyree
18.8%
Forward/CenterEnoch Andoh
17.5%
Forward/CenterProbese Leo
16.9%
GuardRyan Hill
16.8%
ForwardColin Klebon
14.6%
GuardBen Brackney
12.5%
ForwardBrian Fitzpatrick
10.7%
All-time Leading Scorer (1,973 points)Al Leslie
8.4%
GuardDJ Rowe
8%

You're not logged in!

Compare scores with friends on all Sporcle quizzes.
OR
Log In

Sporcle TV

Today on Sporcle TV


Watch our educational content, quiz creation guides, and fun videos on Sporcle TV.

Show Comments

Extras

Top Quizzes Today


Score Distribution

Paid Content

Your Account Isn't Verified!

In order to create a playlist on Sporcle, you need to verify the email address you used during registration. Go to your Sporcle Settings to finish the process.

Report this User

Report this user for behavior that violates our Community Guidelines.

Details: